|
|
|
|
| LEADER |
01864nam a22003257a 4500 |
| 001 |
27821 |
| 003 |
BD-DhAAL |
| 005 |
20151108020002.0 |
| 008 |
140113b2011 ii ||| | b||| 00| 0 eng d |
| 020 |
|
|
|a 9788126519477
|
| 040 |
|
|
|a BD-DhAAL
|d BD-DhAAL
|
| 082 |
|
|
|2 23
|a 629.8
|
| 100 |
|
|
|a Gupta, Rajeev
|9 3723
|
| 245 |
|
|
|a NISE's control systems engineering /
|c Rajeev Gupta
|
| 260 |
|
|
|a New Delhi :
|b Wiley,
|c 2011
|
| 300 |
|
|
|a xx, 694 :
|b ill. ;
|c 24 cm.
|
| 490 |
|
|
|a Wiley Precise Text book
|
| 500 |
|
|
|a Includes index
|
| 541 |
|
|
|e 27821, 27822, 27823
|
| 650 |
|
|
|a Automatic control
|9 3724
|
| 650 |
|
|
|a Systems engineering
|9 3725
|
| 852 |
|
|
|a Ayesha Abed library
|
| 942 |
|
|
|2 ddc
|c BK
|0 6
|
| 999 |
|
|
|c 14139
|d 14139
|
| 952 |
|
|
|0 0
|1 0
|2 ddc
|4 0
|6 629_800000000000000_GUP
|7 0
|9 23816
|a BRACUL
|b BRACUL
|c GEN
|d 2014-01-13
|e Paragon Enterprise
|g 1057.00
|l 10
|m 143
|o 629.8 GUP
|p 3010027821
|r 2025-09-19
|s 2025-08-12
|t 1
|w 2014-01-13
|y BK
|
| 952 |
|
|
|0 0
|1 0
|2 ddc
|4 0
|6 629_800000000000000_GUP
|7 0
|9 23817
|a BRACUL
|b BRACUL
|c GEN
|d 2014-01-13
|e Paragon Enterprise
|g 1057.00
|l 12
|m 97
|o 629.8 GUP
|p 3010027822
|r 2024-05-15
|s 2024-03-03
|t 2
|w 2014-01-13
|y BK
|
| 952 |
|
|
|0 0
|1 0
|2 ddc
|4 0
|6 629_800000000000000_GUP
|7 0
|9 23818
|a BRACUL
|b BRACUL
|c GEN
|d 2014-01-13
|e Paragon Enterprise
|g 1057.00
|l 16
|m 185
|o 629.8 GUP
|p 3010027823
|r 2026-04-05
|s 2026-03-29
|t 3
|w 2014-01-13
|y BK
|
| 952 |
|
|
|0 0
|1 0
|2 ddc
|4 0
|6 629_800000000000000_GUP
|7 0
|9 23819
|a BRACUL
|b BRACUL
|c AV
|d 2014-01-13
|e Paragon Enterprise
|l 1
|o 629.8 GUP
|p 4010027821
|r 2018-11-28
|s 2015-08-18
|t 1
|w 2014-01-13
|y AV
|
| 952 |
|
|
|0 0
|1 0
|2 ddc
|4 0
|6 629_800000000000000_GUP
|7 0
|9 23820
|a BRACUL
|b BRACUL
|c AV
|d 2014-01-13
|e Paragon Enterprise
|l 4
|o 629.8 GUP
|p 4010027822
|r 2019-03-23
|s 2019-03-21
|t 2
|w 2014-01-13
|y AV
|
| 952 |
|
|
|0 0
|1 0
|2 ddc
|4 0
|6 629_800000000000000_GUP
|7 0
|9 23821
|a BRACUL
|b BRACUL
|c AV
|d 2014-01-13
|e Paragon Enterprise
|l 1
|o 629.8 GUP
|p 4010027823
|r 2014-12-24
|s 2014-12-22
|t 3
|w 2014-01-13
|y AV
|